Contemporary Challenges in the Business Law

Bibliographic Details
Format: eBook
Language:English
Published: Bucarest: Bucharest Academy of Economic Studies, 2017
Subjects:
Online Access:Acceso restringido

MARC

LEADER 00000nam a22000007a 4500
005 20180925235626.0
007 cr|||| ||||
008 180926s2017 ro |||||s|||| 00||0 eng d
020 |a 978-606-94312-0-7 
035 |a 21959 
040 |a vLex 
090 |c 8117  |d 8117 
245 0 0 |a Contemporary Challenges in the Business Law  |h [Recurso electrn̤ico] / 
256 |a Servicio en ln̕ea 
260 |a Bucarest:  |b Bucharest Academy of Economic Studies,  |c 2017 
300 |a 1 recurso electrn̤ico (182 p.) 
506 1 |a Disponible solo en los productos indicados  |d vLex Global  |d vLex Global (Academic Edition, excluding Law Schools)  |d vLex Global (U.S. Academic Edition, Law Schools)  |d vLex Global (U.S. Academic Edition, excluding Law Schools)  |d vLex Global (Academic Edition, Law Schools) 
650 0 4 |a Economa̕ y negocios  |z Rumania 
740 0 |a vLex Libros (Servicio en ln̕ea) 
856 4 0 |u http://vlex.com/source/contemporary-challenges-business-law-21959  |z Acceso restringido 
942 |c BOOK 
999 0 |a Economy and business